[Event "East Lansing (MOR/2/34)"]
[Site "?"]
[Date "1995.??.??"]
[Round "?"]
[White "Kyser, Bob"]
[Black "Stark, Jay"]
[Result "0-1"]
[WhiteElo "1605"]
[BlackElo "1610"]
[PlyCount "102"]
[EventDate "1995.??.??"]

{2/(34)} 1. d4 d5 2. c4 c6 3. Nc3 Nf6 4. Bg5 Nbd7 5. e3 dxc4 6. Bxc4 e5 7. dxe5
Nxe5 8. Qxd8+ Kxd8 9. Rd1+ Ke7 10. Bb3 Be6 11. Bc2 h6 12. Bxf6+ gxf6 13. b3 Rg8
14. g3 f5 15. Nh3 Rd8 16. Ke2 Bg7 17. Nf4 Bc8 18. Nh5 Bh8 19. Nf4 Ng6 20. Na4
b6 21. Nd3 Ba6 22. Rd2 Rd6 23. f4 Rgd8 24. Rhd1 Bb5 25. Kf3 Bxa4 26. bxa4 Bc3
27. Re2 Kf6 28. Nf2 Rxd1 29. Nxd1 Ba1 30. Nf2 Ne7 31. e4 c5 32. e5+ Kg7 33. Bb3
Nc6 34. Kg2 h5 35. e6 Nd4 36. Rd2 Nxe6 37. Rxd8 Nxd8 38. h3 Ne6 39. Nd3 Bc3 40.
Ne5 Bxe5 41. fxe5 Nd4 42. Bc4 Kf8 43. Kf2 Nc6 44. e6 f6 45. Kf3 Ke7 46. g4
fxg4+ 47. hxg4 hxg4+ 48. Kxg4 Ne5+ 49. Kf4 Nxc4 50. Ke4 Kxe6 51. Kd3 Kd5 0-1

[Event "Troy (US Am N/4/19)"]
[Site "?"]
[Date "1995.??.??"]
[Round "?"]
[White "Kyser, Bob"]
[Black "Schey, Danny"]
[Result "0-1"]
[WhiteElo "1605"]
[BlackElo "1780"]
[PlyCount "120"]
[EventDate "1995.??.??"]

{4/(19)} 1. d4 Nf6 2. c4 g6 3. Nc3 Bg7 4. e4 O-O 5. e5 Ne8 6. Bd3 c5 7. Nf3
cxd4 8. Ne4 Nc6 9. Bf4 Qa5+ 10. Qd2 Qxd2+ 11. Kxd2 b6 12. Rag1 Nc7 13. g4 Ne6
14. Bg3 Nb4 15. Bb1 Bh6+ 16. g5 Bg7 17. a3 Nc6 18. h4 Nc5 19. Nf6+ exf6 20.
gxf6 Bh6+ 21. Ng5 Ba6 22. Ba2 Ne4+ 23. Kd3 Nxg3 24. Rxg3 Nxe5+ 25. Kxd4 Bb7 26.
Rh2 Bxg5 27. Kxe5 Rfe8+ 28. Kd4 Bxf6+ 29. Kd3 d5 30. Re3 dxc4+ 31. Bxc4 Rad8+
32. Ke2 Rxe3+ 33. fxe3 Bd5 34. Bd3 h5 35. e4 Be6 36. b4 Bg4+ 37. Kd2 Be5 38.
Rf2 Bg3 39. Rf1 Bxh4 40. Kc2 Rc8+ 41. Kb1 Rc3 42. Bc2 Rxa3 43. Kb2 Rf3 44. Rd1
Bf6+ 45. Kc1 Ra3 46. Rf1 Ra1+ 47. Bb1 Bg7 48. Re1 Bc3 49. Re3 Bxb4 50. Kb2 Bc5
51. Rd3 Ra4 52. Rd8+ Kg7 53. Bc2 Rd4 54. Ra8 b5 55. Rb8 Rb4+ 56. Kc3 a5 57. Bb3
Be6 58. Bxe6 fxe6 59. Rb7+ Kf6 60. Rc7 Bd4+ 0-1

[Event "East Lansing (Class DE/2/13)"]
[Site "?"]
[Date "1995.??.??"]
[Round "?"]
[White "Kyser, Bob"]
[Black "Miller, J."]
[Result "1-0"]
[WhiteElo "1605"]
[BlackElo "1605"]
[PlyCount "55"]
[EventDate "1995.??.??"]

{2/(13)} 1. d4 d5 2. Nf3 e6 3. e3 Bd6 4. c4 c6 5. c5 Bc7 6. Bd3 Nd7 7. O-O Ngf6
8. h3 Qe7 9. b4 e5 10. Be2 b5 11. Bb2 a5 12. a3 O-O 13. Nbd2 Re8 14. g4 e4 15.
Nh4 h6 16. Qc2 g6 17. Rfe1 Nxg4 18. Nxg6 fxg6 19. Bxg4 Qg5 20. f4 exf3 21. Nxf3
Qf6 22. Qg2 Kh7 23. h4 Rg8 24. Qh3 Qf7 25. Rf1 Nf6 26. Ng5+ hxg5 27. hxg5+ Kg7
28. Qh6# 1-0

[Event "Grand Rapids (MI Am/3/36)"]
[Site "?"]
[Date "1995.??.??"]
[Round "?"]
[White "Kyser, Bob"]
[Black "Lueer, Michael"]
[Result "0-1"]
[WhiteElo "1605"]
[BlackElo "1605"]
[PlyCount "80"]
[EventDate "1995.??.??"]

{3/(36)} 1. d4 g6 2. c4 Bg7 3. Nf3 d6 4. Nc3 Nf6 5. Bg5 Be6 6. e3 h6 7. Bh4 g5
8. Bg3 Bg4 9. h3 Bh5 10. Bd3 Nc6 11. a3 d5 12. Qa4 O-O 13. Ne5 Nxe5 14. dxe5
Nd7 15. f4 Nc5 16. Qc2 Nxd3+ 17. Qxd3 dxc4 18. Qxd8 Raxd8 19. fxg5 Rd3 20. Bf2
Bxe5 21. g4 Bxc3+ 22. bxc3 Bg6 23. gxh6 Rxc3 24. Ke2 Rd8 25. Rhd1 Rxd1 26. Rxd1
Rxa3 27. Rd8+ Kh7 28. g5 Ra2+ 29. Kf3 c3 30. e4 Ra5 31. Rd7 Rxg5 32. Be3 Ra5
33. Rxc7 Ra3 34. Kf4 Kxh6 35. Rxb7 c2 36. Kg4+ Rxe3 37. Rc7 Rxe4+ 38. Kf3 Re1
39. Kf2 c1=Q 40. Rxc1 Rxc1 0-1

[Event "East Lansing (MOR/6/19)"]
[Site "?"]
[Date "1995.??.??"]
[Round "?"]
[White "Kyser, Bob"]
[Black "James, Larry"]
[Result "0-1"]
[WhiteElo "1605"]
[BlackElo "1615"]
[PlyCount "120"]
[EventDate "1995.??.??"]

{6/(19)} 1. d4 d5 2. c4 Nf6 3. Nc3 c6 4. Bg5 e6 5. Nf3 Be7 6. Rc1 Nbd7 7. e3 h6
8. Bxf6 Nxf6 9. cxd5 exd5 10. Ne5 Bf5 11. Be2 O-O 12. g4 Bh7 13. f4 Ne4 14. f5
Bh4+ 15. Kf1 Nf2 16. Qc2 Nxh1 17. Nf3 Re8 18. Qd2 Qe7 19. Nd1 Nf2 20. Nxf2 Bxf2
21. Kxf2 h5 22. g5 Bxf5 23. h4 Qe4 24. Rg1 Re7 25. Ne5 Qxh4+ 26. Rg3 Rc8 27. g6
fxg6 28. b4 Rf8 29. Nf3 Bg4 30. Kg2 Bxf3+ 31. Bxf3 Ref7 32. Qe2 Qf6 33. a4 g5
34. Bxh5 Qf2+ 35. Qxf2 Rxf2+ 36. Kh3 Rb2 37. b5 cxb5 38. axb5 Rxb5 39. Rxg5 a5
40. Be2 Rb3 41. Re5 Rd8 42. Bd1 a4 43. Bxb3 axb3 44. Rf5 b2 45. Rf1 Rc8 46. Rb1
Rc2 47. Kg4 Kf7 48. Kf5 Rf2+ 49. Ke5 g5 50. Kxd5 g4 51. e4 g3 52. e5 g2 53. e6+
Ke7 54. Rg1 Rf5+ 55. Kc4 Kxe6 56. Kc3 Rb5 57. Rb1 g1=Q 58. Rxg1 b1=Q 59. Rxb1
Rxb1 60. Kc4 Kd6 0-1

[Event "Troy (US Am N/2/34)"]
[Site "?"]
[Date "1995.??.??"]
[Round "?"]
[White "Kyser, Bob"]
[Black "Distefano, R."]
[Result "1-0"]
[WhiteElo "1605"]
[BlackElo "1605"]
[PlyCount "63"]
[EventDate "1995.??.??"]

{2/(34)} 1. d4 Nf6 2. c4 g6 3. Nc3 Bg7 4. e4 d6 5. Bd3 O-O 6. Bg5 Nbd7 7. Nf3
a6 8. e5 dxe5 9. dxe5 Ng4 10. e6 fxe6 11. Ne4 Bxb2 12. Rb1 Bg7 13. h3 Nge5 14.
Qb3 Nxf3+ 15. gxf3 Rxf3 16. Rd1 Ne5 17. Ke2 Qf8 18. Bxe7 Qxe7 19. h4 Rxd3 20.
Rxd3 Nxd3 21. Qxd3 b6 22. h5 gxh5 23. Rxh5 e5 24. Ng5 Bg4+ 25. f3 Bxh5 26.
Qxh7+ Kf8 27. Qxh5 Qf6 28. Nh7+ Ke7 29. Nxf6 Bxf6 30. Qh7+ Kd6 31. Qf7 Be7 32.
Qd5# 1-0

[Event "East Lansing (MI Op/3/27)"]
[Site "?"]
[Date "1995.??.??"]
[Round "?"]
[White "Kung, Fred"]
[Black "Smalec, John"]
[Result "1/2-1/2"]
[WhiteElo "1875"]
[BlackElo "1760"]
[PlyCount "56"]
[EventDate "1995.??.??"]

{3/(27)} 1. e4 e6 2. d4 d5 3. e5 c5 4. c3 Nc6 5. Nf3 Bd7 6. Be2 Rc8 7. O-O cxd4
8. cxd4 Qb6 9. Nc3 Na5 10. Rb1 Nc4 11. Be3 f6 12. Bf4 Be7 13. Na4 Qa5 14. b3
Bxa4 15. bxa4 b6 16. Rc1 Bb4 17. Qb3 Ne7 18. Bxc4 dxc4 19. Rxc4 Rxc4 20. Qxc4
Kf7 21. Qb5 Rc8 22. Rc1 Qxb5 23. axb5 Rxc1+ 24. Bxc1 Nd5 25. Bb2 Bc3 26. Ba3
Nc7 27. exf6 gxf6 28. Bd6 Nxb5 1/2-1/2

[Event "Ann Arbor (MLS Jul/3/3)"]
[Site "?"]
[Date "1995.??.??"]
[Round "?"]
[White "Kung, Fred"]
[Black "McCarter, Robert"]
[Result "1-0"]
[WhiteElo "1875"]
[BlackElo "1735"]
[PlyCount "120"]
[EventDate "1995.??.??"]

{3/(3)} 1. e4 c5 2. Nf3 d6 3. d4 cxd4 4. Nxd4 Nf6 5. Nc3 a6 6. Bg5 e6 7. f4 Be7
8. Qf3 Qa5 9. O-O-O Bd7 10. g4 Nc6 11. Nb3 Qc7 12. Bxf6 Bxf6 13. g5 Be7 14. h4
b5 15. f5 b4 16. Nb1 Ne5 17. Qf4 Rc8 18. Rh2 Qb6 19. f6 gxf6 20. gxf6 Ng6 21.
Qf2 Qxf2 22. Rxf2 Bf8 23. Bxa6 Bh6+ 24. N1d2 Ra8 25. Bf1 Nxh4 26. Kb1 Bg5 27.
Nc4 O-O 28. Nxd6 Rfd8 29. Nd2 Be8 30. N2c4 Ng6 31. Bg2 Bf4 32. e5 Ra7 33. Re2
Bb5 34. b3 Bxc4 35. bxc4 Bxe5 36. c5 Bxf6 37. Be4 Bc3 38. Rg2 Kf8 39. Rf2 f5
40. Bd3 Bd4 41. Re2 Nf4 42. Nb5 Nxe2 43. Bxe2 Rad7 44. c6 Rd5 45. Rxd4 Rxd4 46.
Nxd4 Ke7 47. c7 Rc8 48. Nb5 Kd7 49. Kc1 e5 50. Kd2 Rh8 51. Bd3 e4 52. Bf1 h5
53. Bh3 Rf8 54. Ke3 Kc6 55. Bxf5 h4 56. c8=Q+ Rxc8 57. Bxc8 Kxb5 58. Kxe4 Kc4
59. Kf3 Kc3 60. Bf5 Kb2 1-0

[Event "Ann Arbor (MLS Jul/4/3)"]
[Site "?"]
[Date "1995.??.??"]
[Round "?"]
[White "Kung, Fred"]
[Black "Key_Smith, G."]
[Result "1/2-1/2"]
[WhiteElo "1875"]
[BlackElo "1745"]
[PlyCount "80"]
[EventDate "1995.??.??"]

{4/(3)} 1. e4 e6 2. d4 d5 3. e5 c5 4. c3 Ne7 5. Nf3 Nec6 6. Bd3 Nd7 7. O-O Be7
8. Na3 cxd4 9. cxd4 f6 10. Bf4 f5 11. Nb5 Nf8 12. Rc1 Ng6 13. Be3 O-O 14. g3
Bd7 15. a3 a6 16. Nc3 Be8 17. Qd2 b5 18. Ne2 b4 19. axb4 Nxb4 20. Qd1 Nxd3 21.
Qxd3 Bb5 22. Qd2 f4 23. gxf4 Bxe2 24. Qxe2 Nxf4 25. Bxf4 Rxf4 26. Rc6 Qf8 27.
Rxe6 Rxf3 28. Rxe7 Rf4 29. Rd7 Rxd4 30. Rd1 Re4 31. Qh5 Qe8 32. Qxe8+ Rxe8 33.
R1xd5 R4xe5 34. Rxe5 Rxe5 35. Rd6 a5 36. Kf1 Kf7 37. Ra6 h6 38. Kg2 g6 39. Kf1
h5 40. Kg2 Kg7 1/2-1/2

[Event "Ann Arbor (HVA/4/4)"]
[Site "?"]
[Date "1995.??.??"]
[Round "?"]
[White "Kung, Fred"]
[Black "Jendras, Gerard"]
[Result "1-0"]
[WhiteElo "1880"]
[BlackElo "1930"]
[PlyCount "40"]
[EventDate "1995.??.??"]

{4/(4)} 1. e4 e5 2. Nf3 Nc6 3. Bb5 a6 4. Ba4 Nf6 5. d4 exd4 6. O-O b5 7. Bb3
Be7 8. Re1 d5 9. exd5 Nxd5 10. Nxd4 Bb7 11. Nf5 Nf6 12. Nxg7+ Kf8 13. Bh6 Qxd1
14. Nf5+ Ke8 15. Rxd1 Nh5 16. Nc3 Rg8 17. Bd5 Rd8 18. Bf3 Bg5 19. Bxh5 Bxh6 20.
Nxh6 Ne5 1-0

[Event "East Lansing (MI Op/5/18)"]
[Site "?"]
[Date "1995.??.??"]
[Round "?"]
[White "Kung, Fred"]
[Black "Foote, F."]
[Result "0-1"]
[WhiteElo "1875"]
[BlackElo "2045"]
[PlyCount "74"]
[EventDate "1995.??.??"]

{5/(18)} 1. e4 c6 2. d4 d5 3. Nc3 dxe4 4. Nxe4 Nd7 5. Bc4 Ngf6 6. Ng5 e6 7. Qe2
Nb6 8. Bd3 Be7 9. N1f3 Bd7 10. Bd2 h6 11. Ne4 Nbd5 12. O-O-O Nxe4 13. Bxe4 Rc8
14. Kb1 Nf6 15. c4 Nxe4 16. Qxe4 O-O 17. Rhe1 c5 18. d5 Bd6 19. Ne5 exd5 20.
cxd5 Re8 21. f4 Bg4 22. Rc1 Bxe5 23. fxe5 Bh5 24. Ka1 Bg6 25. Qf3 c4 26. Bc3 b5
27. d6 Qd7 28. g4 Bd3 29. h4 a5 30. b4 axb4 31. Bxb4 Ra8 32. a3 Ra4 33. Kb2 Qa7
34. Qe3 Rxb4+ 35. axb4 Qa4 36. Rc3 Qxb4+ 37. Kc1 Qxc3+ 0-1

[Event "Ann Arbor (HVA/5/1)"]
[Site "?"]
[Date "1995.??.??"]
[Round "?"]
[White "Kung, Fred"]
[Black "Cetinel, S."]
[Result "0-1"]
[WhiteElo "1880"]
[BlackElo "2200"]
[PlyCount "70"]
[EventDate "1995.??.??"]

{5/(1)} 1. e4 a6 2. d4 e6 3. f4 c5 4. Nf3 Nf6 5. Nc3 cxd4 6. Nxd4 Bb4 7. Bd3
Qc7 8. Nde2 b5 9. a3 Ba5 10. O-O Bb6+ 11. Kh1 Ng4 12. Qe1 Qc5 13. h3 h5 14. b4
Qc7 15. Qh4 Rh6 16. Nd1 Bb7 17. Bd2 Nc6 18. Be1 Ne7 19. Nf2 f5 20. Qg3 fxe4 21.
Bxe4 Nxf2+ 22. Bxf2 Bxe4 23. Bxb6 Qxb6 24. Qxg7 Rg6 25. Qh8+ Kf7 26. Qh7+ Kf6
27. Ng3 Rxg3 28. Qxe4 Qc6 29. Qe5+ Kg6 30. Rf2 Nf5 31. Rd1 Rg8 32. Rd3 Rxd3 33.
cxd3 Kh7 34. Qf6 Ng3+ 35. Kg1 Qc1+ 0-1

[Event "Ann Arbor (HVA/2/7)"]
[Site "?"]
[Date "1995.??.??"]
[Round "?"]
[White "Kung, Fred"]
[Black "Brotherton, D."]
[Result "1-0"]
[WhiteElo "1880"]
[BlackElo "1605"]
[PlyCount "87"]
[EventDate "1995.??.??"]

{2/(7)} 1. e4 c6 2. d4 d5 3. Nc3 dxe4 4. Nxe4 Nd7 5. Bc4 Ngf6 6. Ng5 e6 7. Qe2
Nb6 8. Bd3 h6 9. N5f3 c5 10. dxc5 Bxc5 11. Ne5 Nbd7 12. Ngf3 Qc7 13. Bd2 Nxe5
14. Nxe5 Bxf2+ 15. Kxf2 Qxe5 16. Qxe5 Ng4+ 17. Kg3 Nxe5 18. Be4 Nc4 19. Bb4 a5
20. Bc5 Rb8 21. Rad1 Nxb2 22. Rb1 Nc4 23. Rhd1 f5 24. Bd3 Ne5 25. Bd6 f4+ 26.
Kxf4 Nxd3+ 27. Rxd3 Ra8 28. Ke5 Ra6 29. c4 g6 30. c5 Rh7 31. Rf3 Rc6 32. Rbf1
b6 33. Rf8+ Kd7 34. R1f7+ Rxf7 35. Rxf7+ Ke8 36. Re7+ Kd8 37. cxb6 Rxb6 38. Ba3
Rc6 39. Rg7 Rc2 40. Rxg6 Rxa2 41. Bc1 h5 42. Kd6 Bd7 43. Rg8+ Be8 44. Bg5+ 1-0

[Event "East Lansing (MI Op/1a/12)"]
[Site "?"]
[Date "1995.??.??"]
[Round "?"]
[White "Kung, Fred"]
[Black "Bailey, Greg"]
[Result "1/2-1/2"]
[WhiteElo "1875"]
[BlackElo "2065"]
[PlyCount "109"]
[EventDate "1995.??.??"]

1. e4 c6 2. d4 d5 3. Nc3 dxe4 4. Nxe4 Bf5 5. Ng3 Bg6 6. h4 h6 7. Nf3 Nd7 8. h5
Bh7 9. Bd3 Bxd3 10. Qxd3 Ngf6 11. Bd2 e6 12. O-O-O Qc7 13. Qe2 O-O-O 14. Ne5
Nxe5 15. dxe5 Nd5 16. c4 Nb4 17. Kb1 Be7 18. Bc3 Rxd1+ 19. Rxd1 Rd8 20. a3
Rxd1+ 21. Qxd1 Na6 22. b4 c5 23. b5 Nb8 24. Ne4 Qd8 25. Nd6+ Bxd6 26. Qxd6 Qxd6
27. exd6 f6 28. f4 Kd7 29. g4 Kxd6 30. g5 Nd7 31. Kc2 e5 32. gxh6 gxh6 33. Bd2
e4 34. f5 Ke5 35. Bxh6 Kxf5 36. Be3 b6 37. h6 Kg6 38. Bf4 Ne5 39. Kc3 Nd7 40.
Kd2 f5 41. Ke3 Kh7 42. Kf2 Nf6 43. Bb8 Kxh6 44. Bxa7 Nd7 45. a4 f4 46. a5 bxa5
47. b6 Kg5 48. b7 Kf5 49. Bxc5 Ke5 50. Ba7 Kd6 51. b8=Q+ Nxb8 52. Bxb8+ Kc5 53.
Bxf4 Kxc4 54. Ke3 Kd5 55. Bh6 1/2-1/2

[Event "Eastpointe (EDO/5/3)"]
[Site "?"]
[Date "1995.??.??"]
[Round "?"]
[White "Kulbacki, James"]
[Black "Walters, G."]
[Result "1-0"]
[WhiteElo "1935"]
[BlackElo "1780"]
[PlyCount "59"]
[EventDate "1995.??.??"]

{5/(3)} 1. Nf3 Nf6 2. b3 d5 3. Bb2 Bg4 4. e3 Nbd7 5. Be2 e5 6. Nxe5 h5 7. Nxg4
hxg4 8. Bxg4 Rh4 9. Bf3 Bd6 10. g3 Rh6 11. c4 Ne5 12. d4 Nxf3+ 13. Qxf3 Ne4 14.
cxd5 Bb4+ 15. Ke2 Qe7 16. Qg4 f5 17. Qxf5 Rf6 18. Qe5 Rxf2+ 19. Kd3 Qxe5 20.
dxe5 Nc5+ 21. Kc4 a5 22. Bc3 Rc2 23. Kd4 Nxb3+ 24. axb3 Bxc3+ 25. Nxc3 Rd2+ 26.
Ke4 Ke7 27. Nb5 c6 28. d6+ Kd7 29. e6+ Kd8 30. Rhf1 1-0

[Event "Gaylord (NMO/4/2)"]
[Site "?"]
[Date "1995.??.??"]
[Round "?"]
[White "Kulbacki, James"]
[Black "Moody, David"]
[Result "1-0"]
[WhiteElo "1905"]
[BlackElo "2000"]
[PlyCount "55"]
[EventDate "1995.??.??"]

{4/(2)} 1. Nf3 e6 2. b3 f5 3. Bb2 Nf6 4. e3 d5 5. Be2 Bd6 6. Ne5 Bxe5 7. Bxe5
Nbd7 8. Bb2 O-O 9. O-O e5 10. d4 Re8 11. c4 c6 12. Nc3 e4 13. Rc1 Nf8 14. Qc2
Ne6 15. cxd5 Nxd5 16. Nxd5 cxd5 17. b4 Qg5 18. f4 exf3 19. Rxf3 f4 20. e4 dxe4
21. Qxe4 Nc7 22. Bc4+ Be6 23. Bd3 Bd5 24. Qxh7+ Kf8 25. Rxc7 Re1+ 26. Bf1 Rae8
27. Qh8+ Bg8 28. Rxf4+ 1-0

[Event "Gaylord (NMO/1/7)"]
[Site "?"]
[Date "1995.??.??"]
[Round "?"]
[White "Kulbacki, James"]
[Black "Miller, Jess"]
[Result "1-0"]
[WhiteElo "1905"]
[BlackElo "1605"]
[PlyCount "52"]
[EventDate "1995.??.??"]

{1/(7)} 1. d4 d5 2. Nf3 c5 3. e3 Bg4 4. Be2 Bxf3 5. Bxf3 e6 6. O-O Nf6 7. c4
Nc6 8. Nc3 dxc4 9. Qa4 cxd4 10. Bxc6+ bxc6 11. Qxc6+ Nd7 12. exd4 Rc8 13. Qa4
Qb6 14. d5 Be7 15. Be3 Qb7 16. dxe6 fxe6 17. Rad1 a6 18. Rd2 Qc6 19. Rfd1 Qxa4
20. Nxa4 Nf6 21. Rc2 O-O 22. Nb6 Rb8 23. Nxc4 Rfc8 24. b3 a5 25. Rcd2 Ne4 26.
Rd7 Bf6 $138 1-0

[Event "Eastpointe (EDO/3/5)"]
[Site "?"]
[Date "1995.??.??"]
[Round "?"]
[White "Kulbacki, James"]
[Black "Gentry, Loyd"]
[Result "1-0"]
[WhiteElo "1935"]
[BlackElo "1605"]
[PlyCount "120"]
[EventDate "1995.??.??"]

{3/(5)} 1. b4 d5 2. Bb2 Bf5 3. e3 e6 4. Nf3 Nd7 5. c4 c6 6. Qb3 Ngf6 7. Nc3 Be7
8. Be2 h6 9. O-O O-O 10. a4 Nh7 11. d4 Ng5 12. cxd5 cxd5 13. Rac1 Nxf3+ 14.
Bxf3 Nb6 15. Be2 a6 16. a5 Nd7 17. Na4 Bd6 18. Nc5 Nxc5 19. dxc5 Bc7 20. c6 b5
21. axb6 Bxb6 22. c7 Bxc7 23. Qc3 Bxh2+ 24. Kxh2 Qh4+ 25. Kg1 Qg5 26. Rfd1 h5
27. Bf3 h4 28. Qd4 Bh3 29. Qxg7+ Qxg7 30. Bxg7 Kxg7 31. gxh3 Rab8 32. Rd4 Rh8
33. Rc6 Ra8 34. Be2 a5 35. b5 a4 36. Ra6 a3 37. Rg4+ Kf6 38. Rga4 Rhg8+ 39. Kh2
Rac8 40. Rxa3 Rc2 41. Ra2 Rc1 42. Ra1 Rc2 43. R6a2 Rc7 44. b6 Rb7 45. Rb2 Ke7
46. Ra7 Rgb8 47. Rxb7+ Rxb7 48. Ba6 Rb8 49. b7 Kd6 50. Rc2 Kd7 51. Rc8 Rxb7 52.
Bxb7 f5 53. Rg8 e5 54. Bxd5 Kd6 55. e4 fxe4 56. Bxe4 Kc5 57. Rd8 Kb6 58. Rd5
Kc7 59. Kg2 Kb6 60. Kf3 Kc7 1-0

[Event "Gaylord (NMO/3/4)"]
[Site "?"]
[Date "1995.??.??"]
[Round "?"]
[White "Kulbacki, James"]
[Black "Crysler, Jerry"]
[Result "1-0"]
[WhiteElo "1905"]
[BlackElo "1605"]
[PlyCount "69"]
[EventDate "1995.??.??"]

{3/(4)} 1. d4 e6 2. c4 Ne7 3. Nc3 Ng6 4. Nf3 Be7 5. e4 O-O 6. Bd3 d6 7. Be3 Nd7
8. Qd2 e5 9. b4 exd4 10. Nxd4 Nde5 11. Be2 Ng4 12. Bxg4 Bxg4 13. O-O Ne5 14.
Nd5 Nxc4 15. Qc2 Nxe3 16. Nxe3 Bh5 17. Rac1 c6 18. b5 c5 19. Ndf5 Bg6 20. Rfd1
Qe8 21. Nd5 Bxf5 22. exf5 Qd7 23. Qc3 Bg5 24. f4 Bd8 25. f6 g6 26. Qg3 Qf5 27.
Qh4 Re8 28. g4 Qe4 29. Qh6 Qe3+ 30. Nxe3 Bxf6 31. Nd5 Bg7 32. Qh4 Rac8 33. Ne7+
Kh8 34. Nxc8 Rxc8 35. Rxd6 1-0

[Event "East Lansing (MOR/3/43)"]
[Site "?"]
[Date "1995.??.??"]
[Round "?"]
[White "Krzyston, Joe"]
[Black "Kyser, Bob"]
[Result "0-1"]
[WhiteElo "1605"]
[BlackElo "1605"]
[PlyCount "78"]
[EventDate "1995.??.??"]

{3/(43)} 1. e4 e5 2. Nf3 Nc6 3. Bb5 a6 4. Ba4 Nf6 5. O-O b5 6. Bb3 Nxe4 7. d4
d5 8. dxe5 Be6 9. c3 Be7 10. Nbd2 Nc5 11. Bc2 Nd7 12. Re1 O-O 13. Nd4 Nxd4 14.
cxd4 c5 15. Nf3 Qc7 16. Qd3 g6 17. Bh6 Rfe8 18. Ng5 Bf5 19. Qe3 Bxc2 20. e6
Bxg5 21. Bxg5 Rxe6 22. Qh3 h5 23. Rxe6 Bf5 24. Qe3 Bxe6 25. dxc5 Qxc5 26. Qf4
f6 27. Bh6 Qe7 28. Qd2 g5 29. Qd3 Qh7 30. Qe3 Re8 31. Bxg5 fxg5 32. Qxg5+ Kf7
33. Re1 Qg6 34. Qf4+ Bf5 35. Rxe8 Kxe8 36. Qe3+ Kf7 37. g3 Bh3 38. Qf3+ Nf6 39.
Qc3 Qb1+ 0-1

[Event "Lansing (Mini-Swiss.3/1)"]
[Site "?"]
[Date "1995.??.??"]
[Round "?"]
[White "Krzyston, Joe"]
[Black "Jackson, Don"]
[Result "0-1"]
[WhiteElo "1605"]
[BlackElo "1605"]
[PlyCount "75"]
[EventDate "1995.??.??"]

{3/(1)} 1. e4 g5 2. h3 Bg7 3. Nc3 c5 4. Bc4 Nc6 5. Nge2 a6 6. Ng3 Nf6 7. d3 h6
8. Nh5 Nxh5 9. Qxh5 Ne5 10. Bb3 e6 11. Be3 b6 12. O-O-O Bb7 13. d4 c4 14. f4
cxb3 15. cxb3 Ng6 16. f5 exf5 17. exf5 Ne7 18. a3 Nxf5 19. Bf2 Qc7 20. Rhe1+
Ne7 21. Kb1 Qd6 22. h4 Bxg2 23. hxg5 Qg6+ 24. Qxg6 fxg6 25. Bh4 h5 26. Rd2 Bc6
27. Bg3 Kf7 28. Bd6 Nf5 29. Rf1 Rhe8 30. Ne2 Kg8 31. Nf4 Be4+ 32. Ka2 Nxd6 33.
d5 Bf5 34. Rff2 Ne4 35. Rfe2 Nxd2 36. Rxe8+ Rxe8 37. d6 Re1 38. Nd5 0-1

[Event "East Lansing (MOR/1a/20)"]
[Site "?"]
[Date "1995.??.??"]
[Round "?"]
[White "Krzyston, Joe"]
[Black "Hayes, P."]
[Result "0-1"]
[WhiteElo "1605"]
[BlackElo "1605"]
[PlyCount "54"]
[EventDate "1995.??.??"]

1. e4 e5 2. Bc4 Nf6 3. d4 Nc6 4. d5 Na5 5. Bd3 b6 6. Nf3 d6 7. Bg5 Be7 8. Nc3
O-O 9. O-O a6 10. b4 Nb7 11. b5 Nc5 12. Bc4 Nfxe4 13. Nxe4 Nxe4 14. Be3 axb5
15. Be2 Bb7 16. Bd3 Nc3 17. Qd2 Nxd5 18. Ng5 f5 19. Ne6 Qd7 20. Nxf8 Rxf8 21.
Bh6 gxh6 22. Qxh6 Nf4 23. Rad1 Rf6 24. Qg5+ Rg6 25. Bxf5 Qxf5 26. Qxe7 Rxg2+
27. Kh1 Rg7+ 0-1

[Event "Gaylord (NMO/1/15)"]
[Site "?"]
[Date "1995.??.??"]
[Round "?"]
[White "Kreger, David"]
[Black "Pierson, John"]
[Result "1-0"]
[WhiteElo "1620"]
[BlackElo "1605"]
[PlyCount "49"]
[EventDate "1995.??.??"]

{1/(15)} 1. d4 e5 2. dxe5 Nc6 3. Nf3 f6 4. exf6 Nxf6 5. Bg5 Bc5 6. Nc3 d6 7.
Nd5 O-O 8. e3 Bg4 9. Bc4 Kh8 10. Nxf6 gxf6 11. Bh6 Re8 12. Ng5 Qd7 13. Qxg4 f5
14. Qh5 Ne5 15. Nf7+ Nxf7 16. Qxf7 Qxf7 17. Bxf7 Re7 18. Bb3 Rae8 19. Bg5 Rxe3+
20. fxe3 h6 21. Bxh6 Kh7 22. Bf4 c6 23. O-O-O Re4 24. c3 d5 25. Bc2 1-0

[Event "Grand Rapids (MI Am/3/20)"]
[Site "?"]
[Date "1995.??.??"]
[Round "?"]
[White "Kreger, David"]
[Black "Mitchell, Dave"]
[Result "1-0"]
[WhiteElo "1605"]
[BlackElo "1605"]
[PlyCount "65"]
[EventDate "1995.??.??"]

{3/(20)} 1. Nf3 d5 2. b3 Bg4 3. Ne5 Bf5 4. e3 Nf6 5. Bb2 Nbd7 6. f4 Nxe5 7.
fxe5 Ne4 8. d3 Nc5 9. Qf3 e6 10. Nd2 Qh4+ 11. g3 Qb4 12. Be2 Be7 13. a3 Qb6 14.
Bd4 Qc6 15. O-O O-O-O 16. Qf2 Rdf8 17. b4 Nd7 18. c4 dxc4 19. Bf3 Qa4 20. e4
Bh3 21. Rfc1 b6 22. Nxc4 Kb8 23. Bd1 Qb5 24. a4 Qa6 25. b5 Qb7 26. a5 c5 27.
bxc6 Qxc6 28. axb6 axb6 29. Qa2 Qb7 30. Nxb6 Bc5 31. Nxd7+ Qxd7 32. Qa8+ Kc7
33. Rxc5+ 1-0

[Event "Grand Rapids (MI Am/1/27)"]
[Site "?"]
[Date "1995.??.??"]
[Round "?"]
[White "Kreger, David"]
[Black "Lueer, Michael"]
[Result "1-0"]
[WhiteElo "1605"]
[BlackElo "1605"]
[PlyCount "53"]
[EventDate "1995.??.??"]

{1/(27)} 1. Nf3 g6 2. e4 Bg7 3. d4 d6 4. c4 Bg4 5. Be2 Nf6 6. Nc3 Nc6 7. Be3 e5
8. d5 Ne7 9. Qd2 Qd7 10. Ng1 O-O-O 11. f3 h5 12. Bxa7 Bh6 13. Qd3 c6 14. Na4
Qe8 15. Nb6+ Kc7 16. fxg4 Nc8 17. Na8+ Kd7 18. dxc6+ bxc6 19. c5 Qe7 20. Nb6+
Nxb6 21. Bxb6 Ra8 22. Qxd6+ Qxd6 23. cxd6 Nxe4 24. gxh5 Rhb8 25. Bc7 Rxb2 26.
hxg6 Raxa2 27. Bg4+ 1-0

[Event "Gaylord (NMO/4/11)"]
[Site "?"]
[Date "1995.??.??"]
[Round "?"]
[White "Kreger, David"]
[Black "Evans Sr., Thomas"]
[Result "0-1"]
[WhiteElo "1620"]
[BlackElo "1910"]
[PlyCount "52"]
[EventDate "1995.??.??"]

{4/(11)} 1. Nf3 Nc6 2. d4 d5 3. b3 Bf5 4. Ba3 Qd7 5. e3 f6 6. Bb5 a6 7. Bxc6
Qxc6 8. c4 dxc4 9. O-O c3 10. Qe2 O-O-O 11. Rc1 c2 12. Nbd2 Bg4 13. Bb2 e5 14.
dxe5 fxe5 15. Bxe5 Bb4 16. Nc4 b5 17. Rxc2 Bxf3 18. Nd6+ Bxd6 19. gxf3 Qd5 20.
Bd4 Qg5+ 21. Kf1 Bxh2 22. Ke1 Qg1+ 23. Kd2 Qxa1 24. a4 Be5 25. axb5 Bxd4 26.
exd4 Qxd4+ 0-1

[Event "Grand Rapids (MI Am/5/10)"]
[Site "?"]
[Date "1995.??.??"]
[Round "?"]
[White "Kreger, David"]
[Black "Brown, Dan"]
[Result "1/2-1/2"]
[WhiteElo "1605"]
[BlackElo "1845"]
[PlyCount "83"]
[EventDate "1995.??.??"]

{5/(10)} 1. Nf3 Nf6 2. b3 g6 3. Bb2 Bg7 4. e4 d6 5. Bb5+ Bd7 6. Bxd7+ Nbxd7 7.
O-O O-O 8. d3 c5 9. c4 a6 10. Nc3 Ng4 11. h3 Nge5 12. Ne1 f5 13. f4 Nc6 14. Qd2
Ndb8 15. g3 Nd4 16. Nf3 Nbc6 17. Kg2 e6 18. Ne2 Nxf3 19. Rxf3 b5 20. Re1 b4 21.
Bxg7 Kxg7 22. exf5 exf5 23. d4 d5 24. Rd3 dxc4 25. bxc4 Qd6 26. d5 Rad8 27. Re3
Na5 28. Qc2 Rfe8 29. Rxe8 Rxe8 30. Qa4 Qd8 31. d6 Qa8+ 32. Kf2 Nxc4 33. Qd7+
Kg8 34. Nd4 Rxe1 35. Ne6 Re2+ 36. Kxe2 Qe4+ 37. Kf2 Qe3+ 38. Kg2 Qe2+ 39. Kh1
Qf1+ 40. Kh2 Qf2+ 41. Kh1 Qf1+ 42. Kh2 1/2-1/2

[Event "Ann Arbor (Mini-Swiss/2/2)"]
[Site "?"]
[Date "1995.??.??"]
[Round "?"]
[White "Koster, Ed"]
[Black "al-Shareef, Robert"]
[Result "0-1"]
[WhiteElo "2100"]
[BlackElo "1685"]
[PlyCount "66"]
[EventDate "1995.??.??"]

{2/(2)} 1. Nf3 Nf6 2. c4 c6 3. Nc3 d5 4. d4 dxc4 5. a4 Bf5 6. Ne5 e6 7. f3 Bb4
8. Nxc4 O-O 9. Bg5 Nbd7 10. e4 Bg6 11. e5 h6 12. Bh4 b5 13. axb5 cxb5 14. Ne3
Bxc3+ 15. bxc3 Qc7 16. exf6 Qxc3+ 17. Kf2 Rfc8 18. Bxb5 Qb2+ 19. Be2 Rc6 20.
fxg7 Rac8 21. Re1 Nb6 22. d5 Rc3 23. Qb1 Qd2 24. Nf1 Rxf3+ 25. gxf3 Qd4+ 26.
Kg3 Qg1+ 27. Kf4 Nxd5+ 28. Ke5 Bxb1 29. Raxb1 Qxg7+ 30. Kd6 Nc3 31. Kd7 Rc5 32.
Rb4 f5+ 33. Be7 Rc7+ 0-1

[Event "Eastpointe (MCO/3/11)"]
[Site "?"]
[Date "1995.??.??"]
[Round "?"]
[White "Koster, Ed"]
[Black "McCarter, Robert"]
[Result "1-0"]
[WhiteElo "2105"]
[BlackElo "1760"]
[PlyCount "45"]
[EventDate "1995.??.??"]

{3/(11)} 1. Nf3 Nf6 2. c4 c5 3. Nc3 Nc6 4. d4 cxd4 5. Nxd4 g6 6. e4 d6 7. Be2
Bg7 8. Be3 O-O 9. O-O a6 10. f3 Qc7 11. Rc1 Bd7 12. Qd2 Rfc8 13. Rfd1 Nxd4 14.
Bxd4 Qa5 15. a4 Rab8 16. Ba7 Ra8 17. Be3 Rab8 18. b3 Be8 19. Ba7 Ra8 20. Bd4
Rab8 21. Qc2 Qb4 22. Nd5 Kf8 23. Nxb4 1-0